Chlorococcales, (Record no. 87516)
[ view plain ]
| 000 -LEADER | |
|---|---|
| fixed length control field | 00784cam a2200277 4500 |
| 001 - CONTROL NUMBER | |
| control field | sa 68017090 |
| 003 - CONTROL NUMBER IDENTIFIER | |
| control field | DLC |
| 005 - DATE AND TIME OF LATEST TRANSACTION | |
| control field | 20260227112700.0 |
| 008 - FIXED-LENGTH DATA ELEMENTS--GENERAL INFORMATION | |
| fixed length control field | 710423s1967 ii b 00110 eng |
| 010 ## - LIBRARY OF CONGRESS CONTROL NUMBER | |
| LC control number | sa 68017090 //r89 |
| 025 ## - OVERSEAS ACQUISITION NUMBER | |
| Overseas acquisition number | PL480; I-E-10486 |
| 040 ## - CATALOGING SOURCE | |
| Modifying agency | ICU |
| 043 ## - GEOGRAPHIC AREA CODE | |
| Geographic area code | a------ |
| 050 0# - LIBRARY OF CONGRESS CALL NUMBER | |
| Classification number | QK569.C496 |
| Item number | P46 |
| 082 ## - DEWEY DECIMAL CLASSIFICATION NUMBER | |
| Classification number | 589/.47 |
| 100 10 - MAIN ENTRY--PERSONAL NAME | |
| Personal name | Philipose, M. T., |
| Dates associated with a name | 1914- |
| 245 10 - TITLE STATEMENT | |
| Title | Chlorococcales, |
| Statement of responsibility, etc. | by M. T. Philipose. |
| 260 0# - PUBLICATION, DISTRIBUTION, ETC. | |
| Place of publication, distribution, etc. | New Delhi, |
| Name of publisher, distributor, etc. | Indian Council of Agricultural Research |
| Date of publication, distribution, etc. | [1967] |
| 300 ## - PHYSICAL DESCRIPTION | |
| Extent | ix, 365 p. |
| Dimensions | 26 cm. |
| 350 ## - PRICE (NR) (BK AM CF MU VM SE) [OBSOLETE] | |
| Price | 40.20 |
| 490 1# - SERIES STATEMENT | |
| Series statement | I.C.A.R. monographs on algae |
| Volume/sequential designation | no. 8 |
| 504 ## - BIBLIOGRAPHY, ETC. NOTE | |
| Bibliography, etc. note | Bibliography: p. 324-344. |
| 650 #0 - SUBJECT ADDED ENTRY--TOPICAL TERM | |
| Topical term or geographic name entry element | Chlorococcales. |
| 650 #0 - SUBJECT ADDED ENTRY--TOPICAL TERM | |
| Topical term or geographic name entry element | Algae |
| Geographic subdivision | South Asia. |
| 830 #0 - SERIES ADDED ENTRY--UNIFORM TITLE | |
| Uniform title | I.C.A.R. monographs on algae ; |
| Volume/sequential designation | 8. |
No items available.